| 000 | 00889cam a2200265 a 4500 | ||
|---|---|---|---|
| 003 | BD-DhUIB | ||
| 005 | 20210322105749.0 | ||
| 008 | 060727s2008 maua b 001 0 eng | ||
| 020 | _a978935134296 | ||
| 020 | _a935134296 | ||
| 040 |
_aDLC _cDLC _dBD-DhUIB |
||
| 082 | 0 | 0 |
_a658.45 _222 |
| 245 | 1 | 0 |
_aBusiness communication : _bconnecting in a digital world / _cby Raymond V. Lesikar...[at al.]. |
| 250 | _a13th ed. | ||
| 260 |
_aNew Delhi : _bMcGraw-Hill/Irwin, _cc2015. |
||
| 300 |
_axxxvii, 772 p. : _bill. ; _c24 cm. |
||
| 500 | _aRev. ed. of: Basic business communication. 10th ed. c2005. | ||
| 504 | _aIncludes bibliographical references and index. | ||
| 526 | _aBBA. | ||
| 650 | 0 |
_aCommercial correspondence. _9101 |
|
| 650 | 0 |
_aEnglish language _xBusiness English. _9102 |
|
| 650 | 0 |
_aBusiness communication. _928 |
|
| 700 | 1 |
_a( Late) Lesikar, Raymond V. _9147 |
|
| 942 |
_2ddc _cBK |
||
| 999 |
_c79 _d79 |
||